Từ điển Anh - Anh - Việt : (Khoảng 200.000 mục từ Anh Anh Việt)
Saved in:
| Format: | Book |
|---|---|
| Language: | Undetermined |
| Published: |
Hà Nội
Văn hóa Thông tin
2001
|
| Subjects: | |
| Tags: |
Add Tag
No Tags, Be the first to tag this record!
|
| Institutions: | Trung tâm Học liệu Trường Đại học Cần Thơ |
|---|
| LEADER | 00589nam a2200193Ia 4500 | ||
|---|---|---|---|
| 001 | CTU_96213 | ||
| 008 | 210402s9999 xx 000 0 und d | ||
| 020 | |c 70000 | ||
| 082 | |a 423 | ||
| 082 | |b T550 | ||
| 245 | 0 | |a Từ điển Anh - Anh - Việt : | |
| 245 | 0 | |b (Khoảng 200.000 mục từ Anh Anh Việt) | |
| 245 | 0 | |c Ban biên soạn chuyên đề từ điển: New Era | |
| 260 | |a Hà Nội | ||
| 260 | |b Văn hóa Thông tin | ||
| 260 | |c 2001 | ||
| 650 | |a English language | ||
| 904 | |i Truc | ||
| 980 | |a Trung tâm Học liệu Trường Đại học Cần Thơ | ||